000 00748cab a2200253 4500
001 WB2825-01
008 090401t1992 xxu||||| |||| 00| 0 eng d
035 _a(Sirsi) u43662
041 _aeng
245 _aBlight threat to new town values
260 _c1992
350 _a0
490 _aNew Builder
_v(134) 18 June 1992, 8(1)
520 _aAccording to Watts & Partners, the presence of calcium chloride in precast concrete structures are blighting property values throughout England`s new towns.
650 _aBLIGHT
650 _aCALCIUM CHLORIDE
650 _aCORROSION
650 _aNEW TOWNS
650 _aPRECAST CONCRETE
650 _aPROPERTY VALUES
690 _aBUILT ENVIRONMENT
942 _n0
948 _c04/03/1997
999 _c27822
_d27822